[Event "Campeonato de Aragon por Equipos 2025 - "]
[Site "?"]
[Date "2025.02.15"]
[Round "4.13"]
[White "Moreno Gracia, Daniel"]
[Black "Navarro Alonso, Jorge"]
[Result "1-0"]
[WhiteElo "2277"]
[BlackElo "2182"]
[PlyCount "97"]
[GameId "2147807433870502"]
[EventDate "2025.01.25"]
[WhiteTeam "Iberajedrez Mundo 64"]
[BlackTeam "Helios"]

1. c4 e6 2. Nc3 d5 3. d4 Nf6 4. cxd5 exd5 5. Bg5 c6 6. e3 Bd6 7. Bd3 O-O 8. Qc2 h6 9. Bh4 Re8 10. Nge2 a5 11. h3 Na6 12. a3 Nc7 13. O-O Ne6 14. f3 Ng5 15. Bxg5 hxg5 16. e4 c5 17. dxc5 Bxc5+ 18. Kh1 dxe4 19. Nxe4 Nxe4 20. Bxe4 Qe7 21. Rfd1 Be6 22. Bxb7 Rab8 23. Bd5 Bxa3 24. Bxe6 Rxb2 25. Qd3 fxe6 26. Rxa3 Rxe2 27. Rxa5 Rb2 28. Qg6 Reb8 29. Rxg5 Rb1 30. Rxb1 Rxb1+ 31. Kh2 Qd6+ 32. Rg3 Rb7 33. h4 Re7 34. h5 Qf4 35. h6 Qh4+ 36. Kg1 Qd4+ 37. Kh1 Qh4+ 38. Rh3 Qf6 39. h7+ Kh8 40. Qe4 Re8 41. Rg3 Qf5 42. Rh3 Qxe4 43. fxe4 g6 44. Kh2 Kg7 45. h8=Q+ Rxh8 46. Rxh8 Kxh8 47. Kg3 Kg7 48. Kf4 Kf6 49. e5+ 1-0

[Event "Campeonato de Aragon por Equipos 2025 - "]
[Site "?"]
[Date "2025.02.15"]
[Round "4.14"]
[White "Torcal Miguel, Oscar"]
[Black "Villalba Embid, Marcos"]
[Result "0-1"]
[WhiteElo "2115"]
[BlackElo "2192"]
[PlyCount "60"]
[GameId "2147807433911463"]
[EventDate "2025.01.25"]
[WhiteTeam "Helios"]
[BlackTeam "Iberajedrez Mundo 64"]

1. e4 c6 2. d4 d5 3. Nd2 dxe4 4. Nxe4 Nf6 5. Nxf6+ exf6 6. Nf3 Bd6 7. Bd3 Bg4 8. h3 Bh5 9. O-O O-O 10. Be4 Re8 11. Qd3 Bg6 12. Bxg6 hxg6 13. c4 Nd7 14. Bd2 Nc5 15. Qc2 Ne4 16. Bc3 Qd7 17. Nd2 Ng5 18. Qd3 Ne6 19. Rfe1 Nf4 20. Qf3 f5 21. Re3 g5 22. Rae1 b5 23. Rxe8+ Rxe8 24. Rxe8+ Qxe8 25. Qe3 Ne2+ 26. Kf1 Qxe3 27. fxe3 b4 28. c5 bxc3 29. bxc3 Bc7 30. Nc4 Nxc3 0-1

[Event "Campeonato de Aragon por Equipos 2025 - "]
[Site "?"]
[Date "2025.02.15"]
[Round "4.15"]
[White "Garcia Acin, Pablo"]
[Black "Lorente Melcon, Hector"]
[Result "1-0"]
[WhiteElo "2069"]
[BlackElo "1946"]
[PlyCount "67"]
[GameId "2147807434091688"]
[EventDate "2025.01.25"]
[WhiteTeam "Iberajedrez Mundo 64"]
[BlackTeam "Helios"]

1. e4 c5 2. Nf3 e6 3. Nc3 Nc6 4. Bb5 Nd4 5. O-O a6 6. Bd3 Nc6 7. Re1 d6 8. Bf1 Be7 9. d4 cxd4 10. Nxd4 Nxd4 11. Qxd4 Nf6 12. Be3 O-O 13. h3 b5 14. a4 e5 15. Qb4 Qc7 16. Nd5 Nxd5 17. exd5 bxa4 18. Rxa4 Bb7 19. Qd2 a5 20. Rea1 Bd8 21. b4 Rc8 22. bxa5 Qxc2 23. Qb4 Qc7 24. Qb5 Ba8 25. Rc4 Qb8 26. Rxc8 Qxc8 27. a6 Bf6 28. Rc1 Qb8 29. a7 Qxb5 30. Bxb5 h6 31. Bc6 Bg5 32. Rb1 Bxe3 33. fxe3 Kh7 34. Rb8 1-0

[Event "Campeonato de Aragon por Equipos 2025 - "]
[Site "?"]
[Date "2025.02.15"]
[Round "4.16"]
[White "Del Rey, Diego"]
[Black "Romero Pallares, Daniel"]
[Result "0-1"]
[WhiteElo "2275"]
[BlackElo "2252"]
[PlyCount "72"]
[GameId "2147807434128553"]
[EventDate "2025.01.25"]
[WhiteTeam "El Olivar"]
[BlackTeam "Palacio De Pioneros"]

1. e4 c6 2. Nf3 d5 3. d3 Nd7 4. Nc3 dxe4 5. dxe4 Qc7 6. Bc4 Ngf6 7. O-O Nb6 8. Bb3 Bg4 9. Qe2 e6 10. h3 Bxf3 11. Qxf3 Nbd7 12. Bf4 Bd6 13. Bxd6 Qxd6 14. Rad1 Qc7 15. Qe3 O-O 16. Rd2 a6 17. a4 Rad8 18. Rfd1 Ne5 19. Qg3 Rxd2 20. Rxd2 b5 21. Qe3 Ng6 22. Qd4 Qf4 23. Qd6 Qg5 24. f3 Nd5 25. Rf2 Ndf4 26. Kh2 Rd8 27. Qc7 h5 28. g3 h4 29. g4 Ne5 30. Qb6 Nfg6 31. f4 Nxf4 32. Qe3 Nxh3 33. Qxg5 Nxg5 34. Re2 b4 35. Na2 c5 36. a5 Rd1 0-1

[Event "Campeonato de Aragon por Equipos 2025 - "]
[Site "?"]
[Date "2025.02.15"]
[Round "4.17"]
[White "Lacruz Algarate, Alvaro"]
[Black "Galstyan, David"]
[Result "0-1"]
[WhiteElo "2109"]
[BlackElo "2279"]
[PlyCount "110"]
[GameId "2147807434169514"]
[EventDate "2025.01.25"]
[WhiteTeam "Palacio De Pioneros"]
[BlackTeam "El Olivar"]

1. e4 e6 2. d4 d5 3. Nc3 Nf6 4. Bg5 Be7 5. exd5 exd5 6. Bd3 Nc6 7. Nge2 O-O 8. O-O Nb4 9. Ng3 Nxd3 10. Qxd3 h6 11. Bf4 Bd6 12. Bxd6 Qxd6 13. Rfe1 c6 14. Re2 Bd7 15. Rae1 Rfe8 16. Rxe8+ Rxe8 17. Rxe8+ Nxe8 18. Nce2 Qb4 19. Qc3 Qxc3 20. Nxc3 g5 21. Nce2 Kg7 22. Nc1 Kg6 23. Nd3 f6 24. Nc5 Bc8 25. f3 Nd6 26. Kf2 h5 27. Nf1 Nc4 28. b3 Na3 29. Ne3 b6 30. Nd3 Nb5 31. c4 dxc4 32. Nxc4 Nxd4 33. Nd6 Bf5 34. Ke3 Nc2+ 35. Kd2 Bxd3 36. Kxd3 Ne1+ 37. Ke4 Nxg2 38. Nc8 f5+ 39. Kd3 Nf4+ 40. Kd2 g4 41. Nxa7 c5 42. fxg4 hxg4 43. Nc6 Kg5 44. Ne7 Kf6 45. Nc8 Nd5 46. Ke2 Ke5 47. Kf2 f4 48. Na7 Nc3 49. a3 Ne4+ 50. Ke2 f3+ 51. Ke3 f2 52. Ke2 Kf4 53. Nc8 g3 54. hxg3+ Kxg3 55. Ne7 Kg2 0-1

[Event "Campeonato de Aragon por Equipos 2025 - "]
[Site "?"]
[Date "2025.02.15"]
[Round "4.18"]
[White "Munoz Perez, Ivan"]
[Black "Dan, Teodor"]
[Result "1/2-1/2"]
[WhiteElo "2231"]
[BlackElo "2068"]
[PlyCount "60"]
[GameId "2147807434218667"]
[EventDate "2025.01.25"]
[WhiteTeam "El Olivar"]
[BlackTeam "Palacio De Pioneros"]

1. e4 c6 2. c4 d5 3. exd5 cxd5 4. cxd5 Nf6 5. Qa4+ Nbd7 6. Nc3 g6 7. g3 Bg7 8. Bg2 O-O 9. Nge2 a6 10. d4 b5 11. Qb3 Ra7 12. O-O Nb6 13. Nf4 Rd7 14. Be3 Bb7 15. Nd3 Bxd5 16. Nxd5 Nfxd5 17. Nc5 Ra7 18. a4 bxa4 19. Nxa4 Nxe3 20. fxe3 Nxa4 21. Rxa4 Qd6 22. Qc4 Bh6 23. e4 e6 24. e5 Qd7 25. d5 Be3+ 26. Kh1 Rc7 27. Qb3 exd5 28. Bxd5 Qb5 29. Qxb5 axb5 30. Re4 Bc1 1/2-1/2

[Event "Campeonato de Aragon por Equipos 2025 - "]
[Site "?"]
[Date "2025.02.15"]
[Round "4.19"]
[White "Climente Martinez, Jose Luis"]
[Black "Miranda Herrera, Miguel"]
[Result "0-1"]
[WhiteElo "2021"]
[BlackElo "2160"]
[PlyCount "98"]
[GameId "2147807434255532"]
[EventDate "2025.01.25"]
[WhiteTeam "Palacio De Pioneros"]
[BlackTeam "El Olivar"]

1. d4 f5 2. g4 d5 3. Nc3 fxg4 4. h3 Nf6 5. Bf4 c6 6. Qd3 Na6 7. a3 Qa5 8. Bg2 g6 9. hxg4 Bxg4 10. f3 Bd7 11. Nh3 Bg7 12. Be5 b5 13. Ra2 O-O 14. b4 Qd8 15. Nf4 Nc7 16. Bh3 Bxh3 17. Rxh3 Qd7 18. Nd1 Ne6 19. Nxe6 Qxe6 20. Nf2 a5 21. c3 Nh5 22. Bxg7 Kxg7 23. Qd2 Nf4 24. Rh2 Qf5 25. Ng4 h5 26. Ne5 Qg5 27. Kf1 axb4 28. e3 Ne6 29. Rg2 Qf5 30. Rxg6+ Kh7 31. cxb4 Rf6 32. Rxf6 exf6 33. Qd3 Ng7 34. Qxf5+ Nxf5 35. Nxc6 Nxe3+ 36. Kf2 Nf5 37. Re2 Rxa3 38. Re6 Ra2+ 39. Re2 Ra6 40. Rc2 h4 41. f4 Kg6 42. Rc3 Kh5 43. Na5 Kg4 44. Rc5 Re6 45. Rxd5 Re4 46. Nb3 Rxf4+ 47. Kg1 Rf1+ 48. Kxf1 Ne3+ 49. Kf2 Nxd5 0-1

[Event "Campeonato de Aragon por Equipos 2025 - "]
[Site "?"]
[Date "2025.02.15"]
[Round "4.20"]
[White "Llanes Luno, Ricardo"]
[Black "Jario Garcia, Ricardo"]
[Result "1/2-1/2"]
[WhiteElo "2170"]
[BlackElo "1996"]
[PlyCount "58"]
[GameId "2147807434300589"]
[EventDate "2025.01.25"]
[WhiteTeam "ONCE CA Aragon Delicias"]
[BlackTeam "Marcos Frechin B"]

1. e4 c5 2. Nf3 Nc6 3. d4 cxd4 4. Nxd4 g6 5. c4 Nf6 6. Nc3 d6 7. Be2 Nxd4 8. Qxd4 Bg7 9. O-O O-O 10. Qd1 a5 11. Be3 a4 12. Rc1 Qa5 13. Qc2 Be6 14. Nd5 Bxd5 15. cxd5 Qb4 16. Qc4 Qxc4 17. Rxc4 Nd7 18. Rc7 Nc5 19. Bxc5 dxc5 20. Rxe7 Rfe8 21. Rxb7 Rxe4 22. Bf3 Rb4 23. Rxb4 cxb4 24. b3 axb3 25. axb3 Kf8 26. d6 Ra1 27. g4 Rxf1+ 28. Kxf1 Be5 29. d7 Ke7 1/2-1/2

[Event "Campeonato de Aragon por Equipos 2025 - "]
[Site "?"]
[Date "2025.02.15"]
[Round "4.21"]
[White "Portero Garnica, Miguel Angel"]
[Black "Gavin Roche, Enrique"]
[Result "0-1"]
[WhiteElo "2022"]
[BlackElo "2145"]
[PlyCount "76"]
[GameId "2147807434349742"]
[EventDate "2025.01.25"]
[WhiteTeam "Marcos Frechin B"]
[BlackTeam "ONCE CA Aragon Delicias"]

1. e4 e5 2. Nf3 d6 3. d4 Nf6 4. Nbd2 Nbd7 5. Bc4 Be7 6. O-O O-O 7. Re1 c6 8. a4 h6 9. c3 exd4 10. Nxd4 Ne5 11. Ba2 Nd3 12. Rf1 Bg4 13. Qc2 Nxc1 14. Raxc1 d5 15. e5 Nd7 16. Bb1 g6 17. h3 Nxe5 18. hxg4 Nxg4 19. Ne6 Qd6 20. Nf3 Qxe6 21. Rce1 Qf6 22. Qd3 Bd6 23. g3 Rfe8 24. Kg2 Bc5 25. Rd1 a5 26. Rd2 Re7 27. Bc2 Rae8 28. Bd1 Bb6 29. Kh3 Re4 30. Kg2 Kg7 31. b3 h5 32. Rc2 Bc7 33. Rh1 Qd6 34. Rh3 Kg8 35. Qd2 Bb6 36. Qd3 Qf6 37. Rd2 Qf5 38. Bc2 Bxf2 0-1

[Event "Campeonato de Aragon por Equipos 2025 - "]
[Site "?"]
[Date "2025.02.15"]
[Round "4.22"]
[White "Lamas Mercadal, Manuel"]
[Black "Prats Fares, Nahuel"]
[Result "1/2-1/2"]
[WhiteElo "2105"]
[BlackElo "1926"]
[PlyCount "81"]
[GameId "2147807434398895"]
[EventDate "2025.01.25"]
[WhiteTeam "ONCE CA Aragon Delicias"]
[BlackTeam "Marcos Frechin B"]

1. e4 e6 2. d4 d5 3. Nd2 c5 4. Ngf3 cxd4 5. Nxd4 Nc6 6. Bb5 Bd7 7. Nxc6 bxc6 8. Bd3 Bd6 9. Qe2 e5 10. O-O Qe7 11. c4 f5 12. cxd5 cxd5 13. exd5 e4 14. Nc4 Nf6 15. Nxd6+ Qxd6 16. Bc4 h6 17. b3 O-O 18. Bb2 Ng4 19. g3 Rae8 20. h3 Ne5 21. Bxe5 Qxe5 22. f4 Qc3 23. Kh2 Rf6 24. Rac1 Qa5 25. Rfd1 Kh7 26. Qd2 Qa3 27. Re1 Qd6 28. Qe3 a5 29. a4 Rd8 30. Qd4 Be8 31. Rcd1 Bh5 32. Rd2 Rff8 33. Rc1 Rfe8 34. Qe3 Rc8 35. Rg1 Bf7 36. Qd4 e3 37. Re2 Re4 38. Qd3 Rce8 39. Rge1 Qc5 40. Bb5 Rd8 41. Bc4 1/2-1/2

[Event "Campeonato de Aragon por Equipos 2025 - "]
[Site "?"]
[Date "2025.02.15"]
[Round "4.23"]
[White "Jario Dominguez, Diego"]
[Black "Laliena Solanes, Luis"]
[Result "1-0"]
[WhiteElo "1907"]
[BlackElo "2096"]
[PlyCount "217"]
[GameId "2147807434439856"]
[EventDate "2025.01.25"]
[WhiteTeam "Marcos Frechin B"]
[BlackTeam "ONCE CA Aragon Delicias"]

1. e4 c5 2. Nc3 Nc6 3. Bb5 Nd4 4. Bc4 e6 5. Nge2 a6 6. a4 Nf6 7. d3 d5 8. Ba2 Be7 9. O-O O-O 10. Re1 Nc6 11. Bf4 b6 12. h3 Bb7 13. exd5 exd5 14. d4 c4 15. Ng3 Bc8 16. Qd2 Bb4 17. Re2 b5 18. Bg5 Be6 19. Nh5 Be7 20. Nf4 Qd7 21. Rae1 b4 22. Nxe6 bxc3 23. Nxf8 cxd2 24. Nxd7 dxe1=Q+ 25. Rxe1 Nxd7 26. Bxe7 Nxd4 27. Rd1 Nc6 28. Bd6 Nf6 29. c3 Rd8 30. Bc7 Rd7 31. Bb6 a5 32. Bc5 Rb7 33. Ba3 h5 34. Bb1 g6 35. Rd2 Kg7 36. Bc2 Ne5 37. f4 Nc6 38. Bd1 Nb4 39. Bxb4 axb4 40. Bf3 bxc3 41. bxc3 Rb1+ 42. Kf2 Ra1 43. Bxd5 Rxa4 44. Bc6 Ra6 45. Bf3 Ra3 46. Rc2 Ra5 47. Ke3 Rf5 48. g3 Rc5 49. Kd4 Rc7 50. Rb2 Ne8 51. Rb6 Kf8 52. Bd5 Ke7 53. Bxc4 Rd7+ 54. Ke3 Rc7 55. Kd3 Nd6 56. Bd5 Nf5 57. g4 hxg4 58. hxg4 Ng7 59. Rb7 Rxb7 60. Bxb7 Ne6 61. Ke3 Kd6 62. c4 f6 63. Bd5 Nc5 64. Kd4 Nb3+ 65. Ke3 Nc5 66. Be4 g5 67. f5 Ke5 68. Bf3 Nb3 69. Bd1 Nc5 70. Be2 Nb3 71. Bf3 Nc5 72. Bd1 Ne4 73. Bc2 Nc5 74. Bd3 Nb3 75. Be2 Nc5 76. Bf3 Nb3 77. Kd3 Nc5+ 78. Kc3 Na6 79. Be2 Nc5 80. Kb4 Kd6 81. Kb5 Nd7 82. Bf3 Nc5 83. Kb6 Nd7+ 84. Kb7 Ne5 85. Be2 Nd7 86. Kc8 Nc5 87. Kd8 Ne4 88. Ke8 Nc5 89. Kf7 Ke5 90. Ke7 Nb3 91. Kd7 Nc5+ 92. Kc6 Ne4 93. Bf3 Nd2 94. Be2 Nb3 95. Bd1 Nd2 96. c5 Ne4 97. Kb6 Nc3 98. c6 Kd6 99. Bf3 Na4+ 100. Kb7 Nc5+ 101. Kc8 Na6 102. Kd8 Nc7 103. Bg2 Nb5 104. Ke8 Ke5 105. Ke7 Nc7 106. Bf3 Nb5 107. Kd7 Kf4 108. Bd1 Na7 109. c7 1-0

[Event "Campeonato de Aragon por Equipos 2025 - "]
[Site "?"]
[Date "2025.02.15"]
[Round "4.24"]
[White "Lopez Caudevilla, David"]
[Black "Chueca Forcen, Alberto"]
[Result "1-0"]
[WhiteElo "2186"]
[BlackElo "2270"]
[PlyCount "47"]
[GameId "2147807434534065"]
[EventDate "2025.01.25"]
[WhiteTeam "Actur Rey Fernando"]
[BlackTeam "Teruel"]

1. Nf3 d5 2. g3 Nf6 3. Bg2 e6 4. O-O Be7 5. d3 a5 6. Nbd2 a4 7. a3 c5 8. e4 Nc6 9. Re1 b5 10. Nf1 h6 11. exd5 exd5 12. c4 Na5 13. Ne5 Bb7 14. Ne3 O-O 15. Nf5 Bd6 16. Bxh6 gxh6 17. Qd2 Nh7 18. Ng4 Nb3 19. Qxh6 Qg5 20. Qxd6 Ra6 21. Ngh6+ Kh8 22. Qxf8+ Nxf8 23. Nxf7+ Kg8 24. Nxg5 1-0

[Event "Campeonato de Aragon por Equipos 2025 - "]
[Site "?"]
[Date "2025.02.15"]
[Round "4.25"]
[White "Cabrera Moreno, Daniel"]
[Black "Abos Rosico, Antonio"]
[Result "1-0"]
[WhiteElo "2132"]
[BlackElo "2049"]
[PlyCount "139"]
[GameId "2147807434575026"]
[EventDate "2025.01.25"]
[WhiteTeam "Teruel"]
[BlackTeam "Actur Rey Fernando"]

1. e4 c5 2. Nf3 Nc6 3. d4 cxd4 4. Nxd4 e5 5. Nb5 a6 6. Nd6+ Bxd6 7. Qxd6 Qe7 8. Qxe7+ Ngxe7 9. Bd2 d5 10. Bd3 Be6 11. O-O O-O 12. Nc3 Rfd8 13. exd5 Nxd5 14. Nxd5 Bxd5 15. Bc3 b5 16. a3 g5 17. Rfe1 f6 18. Rad1 h6 19. f3 Kf7 20. Kf2 Rab8 21. Ke3 a5 22. b3 b4 23. axb4 axb4 24. Bb2 Ra8 25. Ra1 Ke6 26. Rxa8 Rxa8 27. Ra1 Rxa1 28. Bxa1 Kd6 29. Bb2 Nd8 30. g3 Ne6 31. Be2 Kc5 32. Bd1 Nd4 33. f4 gxf4+ 34. gxf4 Nf5+ 35. Kf2 exf4 36. Bxf6 Be4 37. c3 bxc3 38. Bxc3 Ne3 39. Be2 Kd5 40. b4 Bd3 41. Bd2 Bxe2 42. Kxe2 Kc4 43. Kf3 Kd3 44. Bc1 Kc4 45. Kxf4 Nd5+ 46. Kg4 Nxb4 47. Bxh6 Kd5 48. Kf5 Nc6 49. h4 Ne5 50. Bg7 Nf7 51. h5 Kd6 52. Bf8+ Kd7 53. Kf6 Ke8 54. Bb4 Nh6 55. Kg5 Nf7+ 56. Kg6 Ne5+ 57. Kg7 Ng4 58. Bc5 Kd7 59. Bd4 Ke8 60. Bb6 Ke7 61. Bc5+ Ke8 62. Bb6 Kd7 63. Bd4 Ke7 64. Kg6 Kf8 65. Kg5 Nh2 66. h6 Nf3+ 67. Kg6 Nh4+ 68. Kh5 Nf5 69. h7 Ng3+ 70. Kg6 1-0

[Event "Campeonato de Aragon por Equipos 2025 - "]
[Site "?"]
[Date "2025.02.15"]
[Round "4.26"]
[White "Leon Dionis, Mateo"]
[Black "Dominguez Bujeda, Jesus"]
[Result "0-1"]
[WhiteElo "1891"]
[BlackElo "2059"]
[PlyCount "72"]
[GameId "2147807434620083"]
[EventDate "2025.01.25"]
[WhiteTeam "Actur Rey Fernando"]
[BlackTeam "Teruel"]

1. b4 e5 2. Bb2 Bxb4 3. Bxe5 Nf6 4. e3 O-O 5. Nf3 Nc6 6. Bxf6 Qxf6 7. c3 d5 8. d4 Ba5 9. Qb3 Bf5 10. Nbd2 Rfe8 11. Be2 Rad8 12. Rc1 g5 13. h3 h5 14. g4 hxg4 15. hxg4 Bg6 16. Qb5 a6 17. Qa4 Qd6 18. Kf1 b5 19. Qd1 f6 20. a4 Kg7 21. axb5 axb5 22. Bxb5 Rh8 23. Rxh8 Rxh8 24. Ke2 Qe6 25. Qa4 Be8 26. Bxc6 Qxc6 27. Qxa5 Bd7 28. Rg1 Ra8 29. Qb4 Ra2 30. Qb1 Qc4+ 31. Ke1 Qa4 32. Nb3 Qa6 33. Nfd2 Bb5 34. Nc5 Qa5 35. Qc1 Ra1 36. Nb1 Qa2 0-1

[Event "Campeonato de Aragon por Equipos 2025 - "]
[Site "?"]
[Date "2025.02.15"]
[Round "4.27"]
[White "Navarro Remon, Mario"]
[Black "Garcia Alvarez, Sergio"]
[Result "1/2-1/2"]
[WhiteElo "1919"]
[BlackElo "1879"]
[PlyCount "105"]
[GameId "2147807434665140"]
[EventDate "2025.01.25"]
[WhiteTeam "Teruel"]
[BlackTeam "Actur Rey Fernando"]

1. d4 d5 2. Nf3 e6 3. Bf4 Bd6 4. Bg3 Nf6 5. e3 O-O 6. Nbd2 b6 7. Bd3 Ba6 8. Qe2 Bxd3 9. Qxd3 c5 10. O-O Bxg3 11. hxg3 Nbd7 12. Nh2 e5 13. dxe5 Nxe5 14. Qf5 Re8 15. Ndf3 Qd7 16. Qxd7 Nexd7 17. Rfd1 Rad8 18. a4 a6 19. g4 h6 20. g5 hxg5 21. Nxg5 Nb8 22. Nhf3 Nc6 23. c3 Kf8 24. Rab1 Ne4 25. Nh3 Na5 26. Nf4 Nf6 27. b4 Nc4 28. Rd3 Re7 29. Rdd1 Red7 30. Nd2 Ne4 31. Nxc4 dxc4 32. Rxd7 Rxd7 33. bxc5 Nxc5 34. Rxb6 Nxa4 35. Rxa6 Nxc3 36. Rc6 Rd2 37. Rxc4 Ne2+ 38. Nxe2 Rxe2 39. g4 g6 40. Kg2 Kg7 41. g5 Ra2 42. Rc7 Ra5 43. f4 Kf8 44. Kf3 Ra4 45. Rb7 Rc4 46. Rd7 Ra4 47. Rd4 Ra6 48. Kg4 Ra3 49. e4 Re3 50. f5 gxf5+ 51. exf5 Kg7 52. Rd8 Ra3 53. Rd7 1/2-1/2

[Event "Campeonato de Aragon por Equipos 2025 - "]
[Site "?"]
[Date "2025.02.15"]
[Round "4.28"]
[White "Cifuentes Parada, Roberto"]
[Black "Llorente Zaro, Alfonso"]
[Result "1/2-1/2"]
[WhiteElo "2369"]
[BlackElo "2444"]
[PlyCount "109"]
[GameId "2147807434702005"]
[EventDate "2025.01.25"]
[WhiteTeam "Jaque - Aramovil"]
[BlackTeam "Agrupacion"]

1. d4 Nf6 2. Nf3 e6 3. e3 c5 4. Bd3 d5 5. b3 Nc6 6. Bb2 Be7 7. Nbd2 b6 8. O-O Bb7 9. a3 O-O 10. Qe2 Rc8 11. Rad1 cxd4 12. exd4 g6 13. Ne5 Nxe5 14. dxe5 Nd7 15. b4 a5 16. Qg4 axb4 17. axb4 Ra8 18. f4 Ra4 19. c3 Ba6 20. Qe2 Bxd3 21. Qxd3 Qc7 22. Nf3 Ra2 23. Bc1 Rc8 24. Bd2 Qc6 25. h4 Nb8 26. Ra1 Qa4 27. Rxa2 Qxa2 28. h5 Nc6 29. Be3 Qa3 30. Rd1 b5 31. Kh1 Bf8 32. hxg6 hxg6 33. Ng5 Be7 34. Nxe6 Nxb4 35. Qxb5 Qxc3 36. Rc1 Nc2 37. Qd7 Qc6 38. Qxe7 Qxe6 39. Qxe6 fxe6 40. Kg1 Kf7 41. Kf2 g5 42. fxg5 Kg6 43. Bf4 Kf5 44. g3 Rc4 45. Rh1 Nb4 46. g6 Kxg6 47. Rh6+ Kf5 48. Rf6+ Ke4 49. Rxe6 Nd3+ 50. Ke2 Nxf4+ 51. gxf4 Kxf4 52. Kd3 Re4 53. Re8 Rxe5 54. Rxe5 Kxe5 55. Ke3 1/2-1/2

[Event "Campeonato de Aragon por Equipos 2025 - "]
[Site "?"]
[Date "2025.02.15"]
[Round "4.29"]
[White "Remiro Juste, Fernando Jose"]
[Black "Lana Rodriguez, David"]
[Result "0-1"]
[WhiteElo "2208"]
[BlackElo "2352"]
[PlyCount "64"]
[GameId "2147807434738870"]
[EventDate "2025.01.25"]
[WhiteTeam "Agrupacion"]
[BlackTeam "Jaque - Aramovil"]

1. c4 e6 2. g3 d5 3. Bg2 Nf6 4. Nf3 Bd6 5. O-O O-O 6. b3 c5 7. Bb2 Nc6 8. e3 b6 9. Nc3 Ba6 10. d3 Rc8 11. Ne1 d4 12. Nb5 e5 13. Nc2 Qd7 14. Nxd6 Qxd6 15. exd4 Nxd4 16. Nxd4 cxd4 17. b4 Rc7 18. f4 e4 19. dxe4 Qxb4 20. e5 Qxb2 21. exf6 d3 22. fxg7 Qxg7 23. f5 Qf6 24. Qg4+ Kh8 25. Bd5 Rfc8 26. Qe4 b5 27. cxb5 Bxb5 28. Rab1 Rc5 29. a4 Re8 30. Be6 Bc6 31. Qxd3 fxe6 32. fxe6 Qxe6 0-1

[Event "Campeonato de Aragon por Equipos 2025 - "]
[Site "?"]
[Date "2025.02.15"]
[Round "4.30"]
[White "Escartin Lacasa, Jose"]
[Black "Mimbela Lopez, Luis"]
[Result "1-0"]
[WhiteElo "2296"]
[BlackElo "1942"]
[PlyCount "67"]
[GameId "2147807434779831"]
[EventDate "2025.01.25"]
[WhiteTeam "Jaque - Aramovil"]
[BlackTeam "Agrupacion"]

1. d4 Nf6 2. Nf3 g6 3. c4 Bg7 4. Nc3 d6 5. e4 O-O 6. Be3 Bg4 7. Be2 Nfd7 8. O-O a5 9. Ne1 Bxe2 10. Qxe2 Nc6 11. Nc2 e5 12. d5 Ne7 13. b3 f5 14. f3 b6 15. a3 Nf6 16. b4 Qd7 17. c5 bxc5 18. bxc5 dxc5 19. Bxc5 fxe4 20. fxe4 Rf7 21. Ne3 Raf8 22. Qa6 Nh5 23. Rxf7 Rxf7 24. Qe6 Nc8 25. Rb1 Nf4 26. Qxd7 Rxd7 27. Rb8 Rd8 28. Nb5 Bf8 29. d6 cxd6 30. Bb6 Re8 31. Nc7 Rd8 32. Ncd5 Nxd5 33. Nxd5 Nxb6 34. Rxd8 1-0

[Event "Campeonato de Aragon por Equipos 2025 - "]
[Site "?"]
[Date "2025.02.15"]
[Round "4.31"]
[White "Ivanov Ivanov, Deni"]
[Black "Ereza Vizcarra, Fernando"]
[Result "0-1"]
[WhiteElo "1840"]
[BlackElo "2120"]
[PlyCount "118"]
[GameId "2147807434824888"]
[EventDate "2025.01.25"]
[WhiteTeam "Agrupacion"]
[BlackTeam "Jaque - Aramovil"]

1. d4 d6 2. c4 e5 3. e3 g6 4. g3 Bg7 5. Bg2 Nc6 6. d5 Nce7 7. e4 f5 8. Nc3 Nf6 9. Bg5 h6 10. Be3 O-O 11. Qd2 Ng4 12. O-O-O Nxe3 13. Qxe3 a6 14. Nge2 b5 15. cxb5 axb5 16. Nxb5 Rxa2 17. Nec3 Ra8 18. f3 Bd7 19. Rhf1 Qb8 20. Qd3 Ra5 21. Na3 Qb7 22. Kc2 Rb8 23. Rb1 Qb3+ 24. Kd2 Bc8 25. Qc2 Qb4 26. g4 Ba6 27. Rbe1 Bf6 28. gxf5 Qd4+ 29. Kc1 Bg5+ 30. f4 Bxf1 31. fxg5 Bxg2 32. f6 Nc8 33. gxh6 Kh7 34. Ncb5 Qc5 35. Qxc5 dxc5 36. Nxc7 Nd6 37. Re2 Bxe4 38. f7 Bf5 39. Rxe5 Rf8 40. Ne8 Nxf7 41. Re7 Kxh6 42. d6 Rxe8 43. Rxe8 Nxd6 44. Rd8 Ra6 45. h4 c4 46. Nc2 Bxc2 47. Kxc2 Rc6 48. Rh8+ Kg7 49. Ra8 Nf5 50. Ra7+ Kh6 51. Kc3 Nd6 52. Ra8 Ne4+ 53. Kd4 c3 54. bxc3 Nxc3 55. Ke3 Re6+ 56. Kf3 Ne4 57. Kf4 Nf6 58. Kg3 Re3+ 59. Kg2 Nh5 0-1

[Event "Campeonato de Aragon por Equipos 2025 -"]
[Site "?"]
[Date "2025.02.15"]
[Round "4.32"]
[White "Gracia Suarez, Jesus"]
[Black "Gomez Salinas, Nestor"]
[Result "1-0"]
[WhiteElo "2054"]
[BlackElo "1978"]
[PlyCount "120"]
[GameId "2147807434861753"]
[EventDate "2025.01.25"]
[WhiteTeam "San Jose"]
[BlackTeam "Palacio De Pioneros B"]

{[%evp 0,120,15,0,4,12,35,15,-31,22,-21,-25,-77,-39,28,43,34,56,89,15,96,2,29,82,70,70,73,70,101,42,105,47,102,122,118,125,-35,170,243,135,215,218,272,272,305,83,319,315,403,443,484,355,80,344,338,360,368,368,134,333,215,404,466,221,336,142,248,82,325,347,257,393,403,269,220,324,339,252,361,322,124,327,127,249,162,221,145,341,575,327,527,525,619,540,1044,537,244,544,326,385,508,505,159,422,285,265,189,480,427,456,235,469,272,472,501,501,292,508,537,367,530,315,506]} 1. Nc3 e5 2. e4 Bc5 3. f4 d6 4. Nf3 Nf6 5. fxe5 dxe5 6. Nxe5 Bd4 7. Nf3 Bxc3 8. bxc3 Nxe4 9. Ba3 Nd6 10. Bd3 Qe7+ 11. Qe2 Qxe2+ 12. Kxe2 O-O 13. Rae1 h6 14. Kd1 Be6 15. Nd4 Bd5 16. Re7 Rc8 17. Rf1 c5 18. Nf5 Nc6 19. Rd7 Nxf5 20. Rxd5 Nfe7 21. Rxc5 a6 22. Bc4 Rf8 23. Bb3 g6 24. Rc4 Kg7 25. Bxe7 Nxe7 26. Rc7 Nf5 27. Rxb7 Rad8 28. Kc1 h5 29. Ra7 Rd6 30. Bc4 Rfd8 31. Bd3 Rb8 32. Bxf5 Rdb6 33. Kd1 Re8 34. Rxf7+ Kg8 35. Be4 Rxe4 36. Rf8+ Kg7 37. R1f7+ Kh6 38. d3 Ra4 39. g3 Kg5 40. Rf4 Rxa2 41. Rh8 h4 42. Rhxh4 Rb1+ 43. Kd2 Rb5 44. Rhg4+ Kh6 45. Ra4 Rab2 46. Rxa6 Kh5 47. Rb4 R2xb4 48. cxb4 Rxb4 49. Kc3 Rb1 50. Ra4 g5 51. h4 gxh4 52. Rxh4+ Kg5 53. Re4 Rg1 54. g4 Rg2 55. Kb3 Rg1 56. Kc4 Ra1 57. c3 Ra4+ 58. Kb3 Ra8 59. c4 Rd8 60. Kc3 Ra8 1-0

[Event "Campeonato de Aragon por Equipos 2025 -"]
[Site "?"]
[Date "2025.02.15"]
[Round "4.33"]
[White "Iglesias Fernandez, Luis"]
[Black "Gutierrez Mingueza, Ruben"]
[Result "0-1"]
[WhiteElo "1858"]
[BlackElo "2008"]
[PlyCount "50"]
[GameId "2147807434960058"]
[EventDate "2025.01.25"]
[WhiteTeam "Palacio De Pioneros B"]
[BlackTeam "San Jose"]

1. d4 Nf6 2. e3 d5 3. Nf3 e6 4. Bd3 c5 5. b3 Nc6 6. a3 b6 7. Bb2 Bb7 8. Nbd2 Bd6 9. Ne5 O-O 10. O-O Rc8 11. f4 Ne7 12. g4 Ne4 13. Bb5 a6 14. Bd3 b5 15. Nef3 c4 16. bxc4 bxc4 17. Bxe4 dxe4 18. Ng5 c3 19. Bxc3 Rxc3 20. Ndxe4 Rxe3 21. Nxd6 Qxd6 22. Qd2 Qc6 23. Rfb1 Rc3 24. Rxb7 Rxc2 25. d5 Qc5+ 0-1